| 000 | 00988nam a2200289 c 4500 | ||
|---|---|---|---|
| 003 | BLK | ||
| 005 | 20180420223230.0 | ||
| 008 | 180408b bul|||||r ||||||| ||bul|| | ||
| 010 | _aKNG00068018000 | ||
| 020 |
_a954-9415-19-8 _bиздат.: Водолей |
||
| 040 | _aBLK | ||
| 041 |
_aBUL _cBUL |
||
| 080 |
_aБългарска литература _b821.163.2 _x-311.6 _z821.163.2-311.6 |
||
| 100 | 1 |
_aХристозов, Петър _eпърви автор _9251078 |
|
| 139 |
_aХристозов, Петър _bХ 82 |
||
| 245 | 1 | 0 |
_aВласт назаем _bРоман _cПетър Христозов. |
| 257 | _aBGR | ||
| 260 |
_аСофия _bВодолей _c2006 |
||
| 300 |
_a244 с. _c20 см |
||
| 380 | _aX | ||
| 500 | _aПетър Христозов - псевд. на Христо Вълчев. - Офс. изд. | ||
| 852 | _aЦб 229121 | ||
| 856 | 4 |
_qpdf _u |
|
| 856 | 4 |
_qpdf _u |
|
| 942 |
_cKNG _n0 |
||
| 944 |
_aCR _c19.09.2006 _kГеновева_Генчева |
||
| 944 |
_aED _c26.07.2007 _k |
||
| 999 |
_c63759 _d63759 |
||